BIBLIOTECA

SENCICO

Psicología del aprendizaje / (Registro nro. 318)

Detalles MARC
000 -LEADER
fixed length control field 01116nam a2200253Ia 4500
003 - CONTROL NUMBER IDENTIFIER
control field PE SENCICO BE
005 - DATE AND TIME OF LATEST TRANSACTION
control field 20251020182433.0
008 - FIXED-LENGTH DATA ELEMENTS--GENERAL INFORMATION
fixed length control field 200515s9999 xx 000 0 und d
020 ## - INTERNATIONAL STANDARD BOOK NUMBER
International Standard Book Number 84-244-0202-2
040 ## - CATALOGING SOURCE
Original cataloging agency PE SENCICO BE
Transcribing agency PE SENCICO BE
041 ## - LANGUAGE CODE
Language code of text/sound track or separate title spa
082 ## - DEWEY DECIMAL CLASSIFICATION NUMBER
Classification number 153.15
Item number B74 1973
100 1# - MAIN ENTRY--PERSONAL NAME
Personal name Borger, Robert
9 (RLIN) 2682
Relator term autor
245 10 - TITLE STATEMENT
Title Psicología del aprendizaje /
Statement of responsibility, etc. Robert Borger, A. E. M. Seaborne
250 ## - EDITION STATEMENT
Edition statement 2a ed.
260 ## - PUBLICATION, DISTRIBUTION, ETC.
Place of publication, distribution, etc. Barcelona :
Name of publisher, distributor, etc. Fontanella ;
Date of publication, distribution, etc. 1973
300 ## - PHYSICAL DESCRIPTION
Extent 226 p. :
Other physical details il. ;
Dimensions 23 cm.
490 ## - SERIES STATEMENT
Series statement Conducta humana ;
Volume/sequential designation 6
505 0# - FORMATTED CONTENTS NOTE
Formatted contents note Un análisis de situaciones simples de aprendizaje -- Refuerzo y motivación -- Teorías del aprendizaje -- El desarrollo de la capacidad de aprendizaje -- Conducta y organización perceptiva -- Habilidad -- La retención del material aprendido -- Los conceptos y el uso del lenguaje -- Las teorías del aprendizaje y la conducta anormal -- Aprendizaje programado -- Aprendizaje y educación
650 10 - SUBJECT ADDED ENTRY--TOPICAL TERM
Topical term or geographic name entry element Psicología de la educación
9 (RLIN) 2680
650 20 - SUBJECT ADDED ENTRY--TOPICAL TERM
Topical term or geographic name entry element Motivación
9 (RLIN) 933
650 20 - SUBJECT ADDED ENTRY--TOPICAL TERM
Topical term or geographic name entry element Aprendizaje
9 (RLIN) 2282
942 ## - ADDED ENTRY ELEMENTS (KOHA)
Koha item type Libros
Source of classification or shelving scheme Dewey Decimal Classification
Existencias
Fecha de la última vez que lo usaron Número de ingreso o de inventario Pago total Signatura topográfica completa Código de barras Precio efectivo desde Tipo de documento Estado perdido Sistema de clasificación Estado dañado No es para préstamo Retirado Ubicación permanente Ubicación actual Fecha de adquisición
15/05/2020 980   153.15/B74/1973 BibLima24110021 15/05/2020 Libros   Dewey Decimal Classification       Biblioteca Central Lima Biblioteca Central Lima 15/05/2020